000 00758nas a2200241 4500
001 BR7001057
003 BR-BrBNA
005 20231205082320.0
007 ta
008 230509b bl.|||p| |||| 00| 00por d
040 _aBR-BrBNA
_bpor
_cBiblioteca Nacional de Agricultura
041 _a(Pt)
072 _aF30
100 1 _aFonseca, H.
100 1 _aArzolla, J.D.P.
245 1 _aOcorrencia e dosagem de acucares em algumas variedades brasileiras de feijao (Phaseolus vulgaris L.)
650 _aFEIJAO
650 _aACUCAR
650 _aVARIEDADE
773 0 _tAnais da Escola Superior de Agricultura Luiz de Queiroz (Brazil)
_xISSN 0071-1276
_g(1970), v. 27 p. 199-203
_wBR7001057
909 _a202311
_bLúcia
_c55
_dLúcia Elande
942 _2AGRIS
_n0
_cANA
999 _c90821
_d90821